Loading...

Sri Aurobindo

Bibliographic Details
Main Author: Sisirkumar Mitra
Format: Printed Book
Language:English
Published: Indian Book company Delhi Indian Book company Delhi 72
LEADER 00469nam a2200121Ia 4500
008 111205s9999 xx 000 0 eng d
100 |a Sisirkumar Mitra 
245 |a Sri Aurobindo  |c Sisirkumar Mitra 
260 |b Indian Book company Delhi  |a Indian Book company Delhi  |c 72 
300 |a 215 
942 |c BK 
999 |c 209444  |d 209444 
952 |0 0  |1 0  |2 ddc  |4 0  |6 E_181_400000000000000_SIS_S  |7 0  |9 231670  |a MAL  |b MAL  |c ST1  |d 2011-12-05  |g 25.00  |l 0  |o E 181.4 SIS/S  |p MAL16673  |r 2011-12-05  |v 25.00  |w 2011-12-05  |y BK